| 000 | 04924cam a22018494i 4500 | ||
|---|---|---|---|
| 003 | PE-LiUPU | ||
| 005 | 20250813165359.0 | ||
| 008 | 160912s2016 a r 000 0 spa d | ||
| 020 | _a612414526X | ||
| 020 | _a9786124145261 | ||
| 035 | _a(Sirsi) a163380 | ||
| 082 | 0 | 4 |
_a657.3 _bF61 _220 |
| 082 | 0 | 4 |
_a657.3 _bF61 2016 |
| 100 | 1 |
_aFlores Soria, Jaime, _eautor. |
|
| 245 |
_aEstados financieros : _bconcordado con las NIIF y las normas de la SMV / _cJaime Flores Soria. |
||
| 250 | _aPrimera edición. | ||
| 264 |
_aLima : _bReal time, _c2016 |
||
| 300 |
_a550 páginas : _bilustraciones ; _c25 centímetros |
||
| 336 |
_atext _2rdacontent |
||
| 337 |
_aunmediated _2rdamedia |
||
| 338 |
_avolume _2rdacarrier |
||
| 505 | 0 | _aMarco legal -- Marco teórico -- Estados financieros -- Estado de situación financiera -- Estados de resultados -- Estado de cambios en el patrimonio -- Estado de flujos de efectivo -- Análisis e interpretación de estados financieros -- Estados financieros consolidados. | |
| 526 | _aP203 | ||
| 526 | _aP200 | ||
| 526 | _aSEG65 | ||
| 526 | _aSEG64 | ||
| 526 | _aSEG63 | ||
| 526 | _aSEG62 | ||
| 526 | _aSEG61 | ||
| 526 | _aSEG60 | ||
| 526 | _aSEG59 | ||
| 526 | _aSEG58 | ||
| 526 | _aSEG57 | ||
| 526 | _aSEG56 | ||
| 526 | _aSEG55 | ||
| 526 | _aSEG54 | ||
| 526 | _aSEG53 | ||
| 526 | _aSEG52 | ||
| 526 | _aSEG51 | ||
| 526 | _aSEG50 | ||
| 526 | _aSEG49 | ||
| 526 | _aSEG48 | ||
| 526 | _aSEG47 | ||
| 526 | _aSEG46 | ||
| 526 | _aSEG24 | ||
| 526 | _aSEG23 | ||
| 526 | _aSEG22 | ||
| 526 | _aSEG21 | ||
| 526 | _aSEG20 | ||
| 526 | _aSEG19 | ||
| 526 | _aSEG18 | ||
| 526 | _aSEG17 | ||
| 526 | _aSEG16 | ||
| 526 | _aSEG14 | ||
| 526 | _aSEG13 | ||
| 526 | _aSEG12 | ||
| 526 | _aSEG11 | ||
| 526 | _aSEG10 | ||
| 526 | _aSEG09 | ||
| 526 | _aSEG06 | ||
| 526 | _aSEG05 | ||
| 526 | _aSEG04 | ||
| 526 | _aSEG03 | ||
| 526 | _aSEG02 | ||
| 526 | _aSEG68 | ||
| 526 | _aSEG66 | ||
| 526 | _aSEG45 | ||
| 526 | _aSEG25 | ||
| 526 | _aSEG01 | ||
| 526 | _aP163 | ||
| 526 | _aP162 | ||
| 526 | _aP161 | ||
| 526 | _aP160 | ||
| 526 | _aP159 | ||
| 526 | _aP158 | ||
| 526 | _aP157 | ||
| 526 | _aP156 | ||
| 526 | _aP155 | ||
| 526 | _aP154 | ||
| 526 | _aP153 | ||
| 526 | _aP152 | ||
| 526 | _aP151 | ||
| 526 | _aP150 | ||
| 526 | _aP149 | ||
| 526 | _aP142 | ||
| 526 | _aP141 | ||
| 526 | _aP140 | ||
| 526 | _aP139 | ||
| 526 | _aP138 | ||
| 526 | _aP137 | ||
| 526 | _aP132 | ||
| 526 | _aP131 | ||
| 526 | _aP130 | ||
| 526 | _aP126 | ||
| 526 | _aP125 | ||
| 526 | _aP124 | ||
| 526 | _aP123 | ||
| 526 | _aP115 | ||
| 526 | _aP122 | ||
| 526 | _aP121 | ||
| 526 | _aP116 | ||
| 526 | _a P114 | ||
| 526 | _aP112 | ||
| 526 | _aP111 | ||
| 526 | _aP104 | ||
| 526 | _aP103 | ||
| 526 | _aP102 | ||
| 526 | _aP101 | ||
| 526 | _aP100 | ||
| 526 | _aP96 | ||
| 526 | _aP95 | ||
| 526 | _aP93 | ||
| 526 | _aP92 | ||
| 526 | _aP91 | ||
| 526 | _aP88 | ||
| 526 | _aP83 | ||
| 526 | _aP82 | ||
| 526 | _aP79 | ||
| 526 | _aP78 | ||
| 526 | _aP75 | ||
| 526 | _aP74 | ||
| 526 | _aP71 | ||
| 526 | _aP69 | ||
| 526 | _a P51 | ||
| 526 | _aP49 | ||
| 526 | _aP48 | ||
| 526 | _aP47 | ||
| 526 | _aP33 | ||
| 526 | _aP31 | ||
| 526 | _a P30 | ||
| 526 | _aP29 | ||
| 526 | _aP27 | ||
| 526 | _aP26 | ||
| 526 | _aP25 | ||
| 526 | _aP24 | ||
| 526 | _a P22 | ||
| 526 | _aP10 | ||
| 526 | _aP09 | ||
| 526 | _a P08 | ||
| 526 | _aP06 | ||
| 526 | _aP05 | ||
| 526 | _aP04 | ||
| 526 | _aP01 | ||
| 541 | _g0001-000641; | ||
| 650 | 0 | 4 |
_aEstados financieros _xNormas. _93708 |
| 910 |
_tqv _d20170928 |
||
| 942 |
_2ddc _cBOOK |
||
| 949 |
_a657.3 F61 _wDEWEY _c2 _i74300 _lCATALOGING _mBUL _p25.06 _r0 _sY _tBOOK _u12/10/16 _xFCE _PP08 _o.STAFF. Colección Empresariales _0compra |
||
| 949 |
_a657.3 F61 2016 _wDEWEY _c1 _iFJ08853 _lCATALOGING _mBUL _p25.00 _r0 _sY _tBOOK _u2017-09-28 _xFCE _PP08 _o.STAFF. Colección General Juliaca |
||
| 994 |
_aC0 _bPEPRU |
||
| 596 | _a1 3 | ||
| 999 |
_a657.3 F61 _wDEWEY _c12260 _i74300 _d12260 _e2019-10-27 _f2021-11-5 _g7 _lCCODEBUL1 _mBUL _n5 _p25.06 _q3 _r0 _sY _tBOOK _u2016-9-12 _xFCE _PP08 _0COMPRA _o.STAFF. Colección General |
||
| 999 |
_a657.3 F61 _wDEWEY _c2 _i74301 _d2019-3-31 _e2019-3-28 _f2021-11-5 _g7 _lCCODEBUL1 _mBUL _n6 _p25.08 _q3 _r0 _sY _tBOOK _u2016-9-12 _xFCE _PP08 _0COMPRA _o.STAFF. Colección Empresariales |
||
| 999 |
_a657.3 F61 _wDEWEY _c3 _i74302 _d2019-6-21 _e2019-3-29 _f2021-11-5 _g7 _lCCODEBUL1 _mBUL _n9 _p25.08 _q4 _r0 _sY _tBOOK _u2016-9-12 _xFCE _PP08 _0COMPRA _o.STAFF. Colección Empresariales |
||
| 999 |
_a657.3 F61 2016 _wDEWEY _c1 _iFJ08852 _d2019-5-27 _e2019-4-24 _f2022-1-31 _g4 _lCCODEBUJ1 _mBUJ _n8 _p25.00 _q26 _r1 _sY _tBOOK _u2017-9-28 _xFCE _PP08 _0COMPRA _o.STAFF. Colección General Juliaca |
||
| 980 |
_81 _gALBERTO SANCHEZ Responsable de Automatización |
||